Fiif en tweintich Fryske dichters / (Record no. 6509)

MARC details
000 -LEADER
fixed length control field 00601cam a22002051a 4500
001 - CONTROL NUMBER
control field af 49000169
003 - CONTROL NUMBER IDENTIFIER
control field DLC
005 - DATE AND TIME OF LATEST TRANSACTION
control field 20260227110914.0
008 - FIXED-LENGTH DATA ELEMENTS--GENERAL INFORMATION
fixed length control field 811028s1942 ne 000 0 fry c
010 ## - LIBRARY OF CONGRESS CONTROL NUMBER
LC control number af 49000169
035 ## - SYSTEM CONTROL NUMBER
System control number (OCoLC)7885152
040 ## - CATALOGING SOURCE
Original cataloging agency Chicago University Library
Transcribing agency MiGrC
Modifying agency MiGrC
-- DLC
050 00 - LIBRARY OF CONGRESS CALL NUMBER
Classification number PF1513
Item number .S4
100 1# - MAIN ENTRY--PERSONAL NAME
Personal name Schurer, Fedde,
Dates associated with a name 1898-1968,
Relator term ed.
245 10 - TITLE STATEMENT
Title Fiif en tweintich Fryske dichters /
Statement of responsibility, etc. Fedde Schurer.
260 ## - PUBLICATION, DISTRIBUTION, ETC.
Place of publication, distribution, etc. Amsterdam :
Name of publisher, distributor, etc. Bigot & Van Rossum,
Date of publication, distribution, etc. [1942]
300 ## - PHYSICAL DESCRIPTION
Extent 123 p. ;
Dimensions 19 cm.
490 0# - SERIES STATEMENT
Series statement De Kolibri ;
Volume/sequential designation nr. 5
650 #0 - SUBJECT ADDED ENTRY--TOPICAL TERM
Topical term or geographic name entry element Frisian poetry.

No items available.

Powered by Koha